MARC-detaljer
| 000 -LEADER |
| fixed length control field |
05174cam a2201141 a 4500 |
| 001 - CONTROL NUMBER |
| control field |
12141957 |
| 003 - CONTROL NUMBER IDENTIFIER |
| control field |
LIBRIS |
| 005 - DATE AND TIME OF LATEST TRANSACTION |
| control field |
20210429131802.0 |
| 008 - FIXED-LENGTH DATA ELEMENTS--GENERAL INFORMATION |
| fixed length control field |
110414s2011 sw a||||||||||000 0|swe| |
| 020 ## - INTERNATIONAL STANDARD BOOK NUMBER |
| International Standard Book Number |
9789155257361 |
| Qualifying information |
inb. |
| 035 ## - SYSTEM CONTROL NUMBER |
| System control number |
(Bo)479924 |
| 040 ## - CATALOGING SOURCE |
| Original cataloging agency |
LGEN |
| Modifying agency |
Og |
| -- |
S |
| Description conventions |
a |
| 041 ## - LANGUAGE CODE |
| Language code of text/sound track or separate title |
swe |
| 082 04 - DEWEY DECIMAL CLASSIFICATION NUMBER |
| Classification number |
641.5686 |
| Edition number |
22/swe |
| 084 ## - OTHER CLASSIFICATION NUMBER |
| Classification number |
Qcaa |
| Number source |
kssb/8 |
| 084 ## - OTHER CLASSIFICATION NUMBER |
| Classification number |
Qcae |
| Number source |
kssb/8 |
| 084 ## - OTHER CLASSIFICATION NUMBER |
| Classification number |
Måltidsakademiens biblioteksstiftelse |
| 084 ## - OTHER CLASSIFICATION NUMBER |
| Classification number |
Måltidslitteratur 2011 |
| 084 ## - OTHER CLASSIFICATION NUMBER |
| Classification number |
Kategori: Ceremoniella måltider |
| 100 1# - MAIN ENTRY--PERSONAL NAME |
| Personal name |
Wahlgren, Pernilla, |
| Dates associated with a name |
1967- |
| Authority record control number or standard number |
https://libris.kb.se/jgvz40524blg5h4#it |
| 245 10 - TITLE STATEMENT |
| Title |
Pernillas jul / |
| Statement of responsibility, etc. |
av Pernilla Wahlgren ; foto: Ulrika Pousette. |
| 264 #1 - PRODUCTION, PUBLICATION, DISTRIBUTION, MANUFACTURE, AND COPYRIGHT NOTICE |
| Place of production, publication, distribution, manufacture |
Sundbyberg : |
| Name of producer, publisher, distributor, manufacturer |
Semic, |
| Date of production, publication, distribution, manufacture, or copyright notice |
2011 |
| 264 #3 - PRODUCTION, PUBLICATION, DISTRIBUTION, MANUFACTURE, AND COPYRIGHT NOTICE |
| Place of production, publication, distribution, manufacture |
Lettland |
| 300 ## - PHYSICAL DESCRIPTION |
| Extent |
127, [1] s. |
| Other physical details |
färgill. |
| Dimensions |
27 cm |
| 340 ## - PHYSICAL MEDIUM |
| Dimensions |
27 cm |
| 541 ## - IMMEDIATE SOURCE OF ACQUISITION NOTE |
| Institution to which field applies |
Gma |
| 541 ## - IMMEDIATE SOURCE OF ACQUISITION NOTE |
| Institution to which field applies |
Og |
| 650 #7 - SUBJECT ADDED ENTRY--TOPICAL TERM |
| Topical term or geographic name entry element |
Julgodis |
| Authority record control number or standard number |
https://id.kb.se/term/sao/Julgodis |
| Source of heading or term |
sao |
| 650 #7 - SUBJECT ADDED ENTRY--TOPICAL TERM |
| Topical term or geographic name entry element |
Julkakor |
| Authority record control number or standard number |
https://id.kb.se/term/sao/Julkakor |
| Source of heading or term |
sao |
| 650 #7 - SUBJECT ADDED ENTRY--TOPICAL TERM |
| Topical term or geographic name entry element |
Julmat |
| Authority record control number or standard number |
https://id.kb.se/term/sao/Julmat |
| Source of heading or term |
sao |
| 650 #0 - SUBJECT ADDED ENTRY--TOPICAL TERM |
| Topical term or geographic name entry element |
Christmas cooking |
| 700 1# - ADDED ENTRY--PERSONAL NAME |
| Personal name |
Pousette, Ulrika, |
| Dates associated with a name |
1973- |
| Relationship |
pht |
| Authority record control number or standard number |
https://libris.kb.se/97mqxw0t23h9xtk#it |
| 887 ## - NON-MARC INFORMATION FIELD |
| Content of non-MARC field |
{"@id":"k3wxjlxw2d2x2fp","modified":"2016-01-12T12:59:23+01:00","checksum":"100358380217"} |
| Source of data |
librisxl |
| 887 ## - NON-MARC INFORMATION FIELD |
| Content of non-MARC field |
{"@id":"sx52tczz1l2clxz","modified":"2016-01-25T12:46:29+01:00","checksum":"33993068568"} |
| Source of data |
librisxl |
| 887 ## - NON-MARC INFORMATION FIELD |
| Content of non-MARC field |
{"@id":"pt1n3trv55w8vrs","modified":"2014-04-01T11:53:13+02:00","checksum":"28068469443"} |
| Source of data |
librisxl |
| 887 ## - NON-MARC INFORMATION FIELD |
| Content of non-MARC field |
{"@id":"kpw7wt7q340txj6","modified":"2011-09-27T21:08:48+02:00","checksum":"25134203048"} |
| Source of data |
librisxl |
| 887 ## - NON-MARC INFORMATION FIELD |
| Content of non-MARC field |
{"@id":"hmt4c67n48qzvlf","modified":"2011-09-08T10:19:48+02:00","checksum":"42640248784"} |
| Source of data |
librisxl |
| 887 ## - NON-MARC INFORMATION FIELD |
| Content of non-MARC field |
{"@id":"fks6xlml59td999","modified":"2018-01-05T16:17:23+01:00","checksum":"37252758638"} |
| Source of data |
librisxl |
| 887 ## - NON-MARC INFORMATION FIELD |
| Content of non-MARC field |
{"@id":"mrz9kzbs1tg9jxk","modified":"2011-11-25T15:40:04+01:00","checksum":"26114605515"} |
| Source of data |
librisxl |
| 887 ## - NON-MARC INFORMATION FIELD |
| Content of non-MARC field |
{"@id":"x28ph0732wfn2sg","modified":"2012-08-27T12:46:07+02:00","checksum":"34929969191"} |
| Source of data |
librisxl |
| 887 ## - NON-MARC INFORMATION FIELD |
| Content of non-MARC field |
{"@id":"jnv6w2cp4lnhb74","modified":"2014-11-05T18:48:24+01:00","checksum":"25784170436"} |
| Source of data |
librisxl |
| 887 ## - NON-MARC INFORMATION FIELD |
| Content of non-MARC field |
{"@id":"x28kkgm335w5v28","modified":"2011-08-29T09:35:52+02:00","checksum":"33668402475"} |
| Source of data |
librisxl |
| 887 ## - NON-MARC INFORMATION FIELD |
| Content of non-MARC field |
{"@id":"z39mqkz4084lr41","modified":"2011-11-14T15:27:50+01:00","checksum":"12759607843"} |
| Source of data |
librisxl |
| 887 ## - NON-MARC INFORMATION FIELD |
| Content of non-MARC field |
{"@id":"chp1f9lj4zbtw4k","modified":"2011-12-13T15:50:20+01:00","checksum":"34775858330"} |
| Source of data |
librisxl |
| 887 ## - NON-MARC INFORMATION FIELD |
| Content of non-MARC field |
{"@id":"26dvd4b70lk1fmw","modified":"2012-12-14T10:30:58+01:00","checksum":"32357601106"} |
| Source of data |
librisxl |
| 887 ## - NON-MARC INFORMATION FIELD |
| Content of non-MARC field |
{"@id":"djq6sdjk5cmhg9q","modified":"2013-03-19T16:39:21+01:00","checksum":"28253852580"} |
| Source of data |
librisxl |
| 887 ## - NON-MARC INFORMATION FIELD |
| Content of non-MARC field |
{"@id":"7ck3pwjd2mmcph5","modified":"2013-08-12T14:27:41+02:00","checksum":"33796155100"} |
| Source of data |
librisxl |
| 887 ## - NON-MARC INFORMATION FIELD |
| Content of non-MARC field |
{"@id":"7ckwv06d1djrdwq","modified":"2011-11-01T08:44:05+01:00","checksum":"29451031930"} |
| Source of data |
librisxl |
| 887 ## - NON-MARC INFORMATION FIELD |
| Content of non-MARC field |
{"@id":"9fm37k8g5qtbmkf","modified":"2013-01-22T16:43:45+01:00","checksum":"30742946615"} |
| Source of data |
librisxl |
| 942 ## - ADDED ENTRY ELEMENTS (KOHA) |
| Source of classification or shelving scheme |
Other/Generic Classification Scheme |
| Koha item type |
Bok |